Առեղծվածային Հակոբ Հակոբյանը : ASALA / (Record no. 529520)
[ view plain ]
| 000 -LEADER | |
|---|---|
| fixed length control field | 01051nam a22002417a 4500 |
| 001 - CONTROL NUMBER | |
| control field | 1935532 |
| 003 - CONTROL NUMBER IDENTIFIER | |
| control field | AM-YEHGA |
| 005 - DATE AND TIME OF LATEST TRANSACTION | |
| control field | 20250618080132.0 |
| 008 - FIXED-LENGTH DATA ELEMENTS--GENERAL INFORMATION | |
| fixed length control field | 231221s2023 le o||||||||||||||0|arm|d |
| 020 ## - INTERNATIONAL STANDARD BOOK NUMBER | |
| International Standard Book Number | 9789993003243 |
| 040 ## - CATALOGING SOURCE | |
| Original cataloging agency | AM-YeHGA |
| 041 0# - LANGUAGE CODE | |
| Language code of text/sound track or separate title | arm |
| 090 ## - LOCALLY ASSIGNED LC-TYPE CALL NUMBER (OCLC); LOCAL CALL NUMBER (RLIN) | |
| -- | 567957 |
| 245 00 - TITLE STATEMENT | |
| Title | Առեղծվածային Հակոբ Հակոբյանը : ASALA / |
| Statement of responsibility, etc. | Կազմ.՝ Կ. Վարդանյան. |
| 260 ## - PUBLICATION, DISTRIBUTION, ETC. | |
| Place of publication, distribution, etc. | Լիբանան : |
| Name of publisher, distributor, etc. | «Սփիւռք» պարբերաթերթ, |
| Date of publication, distribution, etc. | 2023. |
| 300 ## - PHYSICAL DESCRIPTION | |
| Extent | 248 էջ : |
| Other physical details | լուսանկ. ; |
| Dimensions | 20 սմ . |
| 440 #0 - SERIES STATEMENT/ADDED ENTRY--TITLE | |
| Title | Պատմություն կերտողները |
| 600 14 - SUBJECT ADDED ENTRY--PERSONAL NAME | |
| Personal name | Հակոբյան, Հակոբ, |
| Fuller form of name | (Թագուշյան, Հարություն), |
| Titles and other words associated with a name | Հայաստանի ազատագրության հայ գաղտնի բանակի (ԱՍԱԼԱ) հիմնադիր ղեկավար, |
| Dates associated with a name | 1951-1988 |
| 650 14 - SUBJECT ADDED ENTRY--TOPICAL TERM | |
| Topical term or geographic name entry element | Հայոց պատմություն |
| 650 14 - SUBJECT ADDED ENTRY--TOPICAL TERM | |
| Topical term or geographic name entry element | Սփյուռքահայ ռազմաքաղաքական գործիչներ |
| 700 1# - ADDED ENTRY--PERSONAL NAME | |
| Personal name | Վարդանյան, Կարո |
| Relator term | կազմ. |
| Relationship | com |
| 9 (RLIN) | 4136 |
| 942 ## - ADDED ENTRY ELEMENTS (KOHA) | |
| Source of classification or shelving scheme | Universal Decimal Classification |
| Koha item type | Գրքեր / Books |
| Withdrawn status | Lost status | Source of classification or shelving scheme | Damaged status | Not for loan | Collection | Home library | Current library | Date acquired | Total checkouts | Full call number | Barcode | Date last seen | Price effective from | Koha item type | Public note |
|---|---|---|---|---|---|---|---|---|---|---|---|---|---|---|---|
| Universal Decimal Classification | General | Fundamental Scientific Library | Fundamental Scientific Library | 15/02/2024 | AII/111493 | FL0682373 | 15/02/2024 | 15/02/2024 | Գրքեր / Books | 30 Days Loan |
ՀՀ Գիտությունների ազգային ակադեմիայի հիմնարար գիտական գրադարան = Fundamental Scientific Library of NAS RA
All site content, except where otherwise noted, is licensed under a